| 000 | 00791cam a22002411 4500 | ||
|---|---|---|---|
| 001 | gs 15000775 | ||
| 003 | DLC | ||
| 005 | 20260227111318.0 | ||
| 008 | 741114s1915 onc 000 0 eng c | ||
| 010 | _ags 15000775 | ||
| 035 | _a(OCoLC)1074922 | ||
| 040 |
_aLibrary, U.S. Geological Survey _cDeU _dOCoLC _dDLC |
||
| 042 | _apremarc | ||
| 050 | 0 | 0 |
_aQE185 _b.A2 no. 62 |
| 051 |
_aPM2031 _b.S3 _cCopy 2. |
||
| 100 | 1 |
_aSapir, Edward, _d1884-1939. |
|
| 245 | 1 | 0 |
_aAbnormal types of speech in Nootka, _cby Edward Sapir. |
| 260 |
_aOttawa, _bGovernment Printing Bureau, _c1915. |
||
| 300 |
_a1 p. l., 21 p. _bfold. tab. _c23 cm. |
||
| 490 | 1 |
_aMemoir / Geological Survey of Canada, _vno. 62 |
|
| 500 | _aBibliographical footnotes. | ||
| 830 | 0 |
_aMemoir (Geological Survey of Canada) ; _vno. 62. |
|
| 999 |
_c25582 _d25582 |
||